00725nam a2200181 i 4500001000700000003000900007005001700016008004100033100002400074245020100098260004800299300003700347490004400384650003500428830004100463852002000504852001900524170706ES-MaACL20250831072601.0090331s1950 sp |||| | spa d1 aLlorca, Bernardino.10aHistoria de la Iglesia Católica b: en sus cuatro grandes edades: antigua, media, nueva y moderna. nT. I, pEdad antigua (1-681) : La iglesia en el mundo grecorromano / cpor Bernardino Llorca. aMadrid : bLa Editorial Católica, c1950. aXXXII, 961 p. : bil. ; c20 cm.1 aBiblioteca de autores cristianos ; v5407aHistoria eclesiástica2embne00aBiblioteca de autores cristianosv54 aES-MaACLjJ-52 1 aBA jP-708-bis